Normal view
MARC view
- Aguilera del Pino, Ana María,
Entry Nombre Personal
001 - NUMERO DE CONTROL
- campo de control: 39189
003 - IDENTIFICADOR DE NUMERO DE CONTROL
- campo de control: UPN
005 - FECHA Y HORA DE LA ÜLTIMA TRANSACCIÓN
- campo de control: 20210219194543.0
008 - DATOS DE LONGITUD FIJA
- campo de control de longitud fija: nabaccnnaabn|||||||||| b |nc|||||d
035 ## - NUMERO DE CONTROL
- Número de control: UPN11000011296
040 ## - FUENTE DE CATALOGACIÓN
- Lenguaje de catalogación: SPA
- Agencia de transcripción: UPN
100 1# - ENCABEZAMIENTO - NOMBRE PERSONAL
- Nombre personal: Aguilera del Pino, Ana María,
- Fechas asociadas con el nombre: 1967-
670 ## - FUENTE EN LA QUE SE LOCALIZARON DATOS
- Cita de la fuente: T
- Uniform Resource Identifier: http://www.ugr.es/~aaguiler/personal.htm
680 ## - NOTA PUBLICA DE ACCESO PÚBLICO
- Frase explicativa de la referencia: Doctora en Matemáticas por la Universidad de Granada en Noviembre de 1993, Profesora Titular de la Universidad de Granada desde Agosto de 1996
902 ## - CATALOGADOR
- Catalogador: BDV/071016
